Lịch sử Việt Nam (1945-1975)

Đã lưu trong:
書目詳細資料
主要作者: Trần Thục Nga
格式: 圖書
語言:Undetermined
出版: Hà Nội Giáo dục 1987
主題:
標簽: 添加標簽
沒有標簽, 成為第一個標記此記錄!
Thư viện lưu trữ: Trung tâm Học liệu Trường Đại học Cần Thơ
LEADER 00534nam a2200169Ia 4500
001 CTU_10885
008 210402s9999 xx 000 0 und d
082 |a 959.7044 
082 |b L302/1987 
100 |a Trần Thục Nga 
245 0 |a Lịch sử Việt Nam (1945-1975) 
245 0 |c Trần Thục Nga, Nguyễn Xuân Minh, Trần Bá Đệ 
260 |a Hà Nội 
260 |b Giáo dục 
260 |c 1987 
650 |a vietnam - history - 1945-1975 
980 |a Trung tâm Học liệu Trường Đại học Cần Thơ